00906nam a2200229 a 450000100100000000500170001000800410002704000250006808200140009310000370010724500990014426000340024330000200027749000180029749000530031571000850036883000250045383000600047804900090053895201120054799900170065900002802020250502073820.0110406s1984 dr 000 0 spa d aDO-SdBNPbspacBNPHU axxxbE77r1 aEsquea Guerrero, Emmanuel91953913aEl regimén de la seguridad social y sus posibles modificaciones /cEmmanuel Esquea Guerrero. aSanto Domingo :bONAP,c1984. a15 p. ;c21 cm.1 aSeminariosv81 aOficina Nacional de Administración de Personal1 aRepública Dominicana.bOficina Nacional de Administración y Personal 926398 0aSeminariosn8937108 0aOficina Nacional de Administración de Personal955063 aBNPD 0010718PDaABbABcHDd2011-04-06iLF1l0oxxx E77rp28020-10r2020-06-25w2020-06-25yLFPDZNo se presta c27512d27512